000 00423nam a2200157Ia 4500
008 240729s9999 xx 000 0 und d
022 _a1759-9008
245 0 _aJournal of Logic and Analysis
260 _aUnited Kingdom
260 _bJournal of Logic and Analysis
650 _a Mathematics
650 _aScience
856 _uhttps://doaj.org/toc/7e75f31bcd174b1e946412d2d1801a51
942 _2ddc
942 _cDOAJEJ
999 _c70605
_d70605
945 _a1
_bMadushi Gamage
_c1
_dMadushi Gamage